Un plat = Un pays - Statistiques

Statistiques générales
  • Ce quiz a été pris 393 fois
    385 depuis la dernière actualisation
  • Le résultat moyen est 11 sur 20
Statistiques - réponses
Spécialité Pays % Correct
Sushi Japon
100%
Boeuf Bourguignon France
98%
Mac and Cheese États-Unis
91%
Fish and chips Royaume-Uni
88%
Pad Thaï Thailande
88%
La Poutine Canada
80%
Churros Espagne
77%
Kebab Turquie
77%
Gyros Grèce
61%
Arancini Italie
51%
Kimchi Corée du Sud
46%
Bacalhau Portugal
43%
Foutou Banane Côte d'Ivoire
38%
Mloukhia Tunisie
37%
Rfissa Maroc
33%
Biryani Inde
32%
Feijoada Brésil
27%
Ceviche Pérou
19%
Pozole Mexique
11%
Pavlova Nouvelle-Zélande
7%
Aucun quiz correspondant
Distribution des résultats
% des personnes avec chaque résultat
Percentile par nombre de réponses
Votre historique - résultats
Vous n’avez pas pris ce quiz depuis la dernière actualisation